| 000 | 00000nam 2200000zi 4500 |
| 001 | 9.950760 |
| 003 | CaOODSP |
| 005 | 20250718124401 |
| 006 | m o d f |
| 007 | cr mn||||||||| |
| 008 | 250502e20250718onca obf f000 0 fre d |
| 020 | |a9780660771335 |
| 040 | |aCaOODSP|bfre|erda|cCaOODSP |
| 043 | |an-cn--- |
| 086 | 1 |aCS72-212/2025-1F-PDF |
| 245 | 00|aFichier de familles T1, estimations finales, 2023. |
| 246 | 17|aGuide de référence technique pour les estimations annuelles du revenu des familles de recensement, des particuliers et des aînés : |bfichier de familles T1, estimations finales, 2023 |
| 264 | 1|a[Ottawa] : |bStatistique Canada = Statistics Canada, |c18 juillet 2025. |
| 264 | 4|c©2025 |
| 300 | |a1 ressource en ligne (95 pages) : |billustration. |
| 336 | |atext|btxt|2rdacontent/fre |
| 337 | |acomputer|bc|2rdamedia/fre |
| 338 | |aonline resource|bcr|2rdacarrier/fre |
| 490 | 0 |aGuide de référence technique pour les estimations annuelles du revenu des familles de recensement, des particuliers et des aînés |
| 500 | |aPublié aussi en anglais sous le titre : T1 family file, final estimates, 2023. |
| 500 | |aTitre de la couverture. |
| 500 | |a« N° 72-212-X au catalogue. » |
| 504 | |aComprend des références bibliographiques. |
| 520 | |a« La planification urbaine, la politique sociale et l'élaboration de stratégies locales de mise en marché sont autant d'activités qui requièrent des connaissances approfondies des caractéristiques socio-économiques régionales. Les données du fichier sur la famille T1 (FFT1), disponibles pour des petits niveaux de géographie, peuvent contribuer de façon importante à ces connaissances. Les données constituent un outil de grande valeur pour toute personne désirant établir l'état sociologique et financier des habitants d'une région géographique d'un intérêt particulier. Le FFT1 (fichier sur la famille T1) comprend l'ensemble de la population canadienne. Ce fichier contient de l’information sur les différentes sources de revenu, ainsi que divers indicateurs démographiques. Les données du FFT1 sont divisées en trois thèmes : Dans le but d'en faciliter l'utilisation, le profil est divisé en quatre sections : la première section traite de la source des données, de l'exactitude et de l'actualité de ces données, ainsi que de la façon dont les données sont présentées afin d'en assurer la confidentialité; portant sur les tableaux de données, la deuxième section comprend des notes explicatives et décrit la présentation des tableaux de données; le glossaire, à la troisième section, fournit à l'utilisateur de données la définition de termes figurant dans la documentation; a troisième section contient la liste des régions géographiques pour lesquelles ces données sont disponibles » -- Introduction, page 4. |
| 650 | 6|aRevenu|zCanada|xStatistiques|vGuides, manuels, etc. |
| 651 | 6|aCanada|xStatistiques démographiques|vGuides, manuels, etc. |
| 655 | 7|aGuides et manuels|2rvmgf |
| 710 | 2 |aStatistique Canada, |eorganisme de publication. |
| 775 | 08|tT1 family file, final estimates, 2023.|w(CaOODSP)9.950758 |
| 795 | |tFichier de familles T1, estimations finales, 2022.|w(CaOODSP)9.938485 |
| 856 | 40|qPDF|s833 Ko|uhttps://publications.gc.ca/collections/collection_2025/statcan/72-212-x2025001-fra.pdf |
| 856 | 4 |qHTML|sS.O.|uhttps://www150.statcan.gc.ca/n1/pub/72-212-x/72-212-x2025001-fra.htm |
| 986 | |a72-212-X |